000 00622nam a2200229Ia 4500
001 10295
003 GE_BSU
008 181216s||||||||xx |||||||||||||| ||und||
040 _cGE_BSU
080 _a821.353.1–32
100 _aსულიაშვილი,დავით
245 _aჩიკორი
245 _bმოთხრობა
245 _cრედ.ვ.ბერაია
260 _aთბილისი
260 _bსაბლიტგამი
260 _c939
300 _a39გვ.18სმ.
653 _aმოთხრობა
653 _aჩიკორი
942 _cBK
999 _c43563
_d43563